[Event "HCL-A2480"]
[Site "www.playchess.de"]
[Date "2006.02.13"]
[Round "10"]
[White "Chas"]
[Black "kali"]
[WhiteElo "1431"]
[BlackElo "1458"]
[PlyCount "91"]
[Result "1-0"]

1.e4 e5 2.Nf3 Nc6 3.Bb5 a6 4.Ba4 Nf6 5.d3 Be7 
6.O-O d6 7.h3 b5 8.Bb3 O-O 9.Be3 Na5 10.Nbd2 Bb7 
11.c3 c5 12.Bc2 Rc8 13.d4 cxd4 14.cxd4 exd4 
15.Nxd4 Nc6 16.Nf5 Qc7 17.Nxe7+ Qxe7 18.Bg5 h6 
19.Bh4 Nd4 20.Bd3 Qe6 21.f3 Nd7 22.Bf2 Nc6 23.Nb3 
Nde5 24.Be2 Ne7 25.Nd4 Qg6 26.Bh4 N7c6 27.Nf5 Kh8 
28.Qxd6 Qxd6 29.Nxd6 Rc7 30.f4 Ng6 31.Bg3 Nd4 
32.Bd3 Rd8 33.f5 Nf8 34.Nxb7 Rxb7 35.Rad1 Nc6 
36.Be2 Rbd7 37.e5 R7xd1 38.Rxd1 Rxd1+ 39.Bxd1 Nd7 
40.e6 fxe6 41.fxe6 Nc5 42.e7 Nxe7 43.Bd6 Nd3 
44.Bxe7 Nxb2 45.Bf3 Nc4 46.Bb7 1-0

[Event "HCL-B3868"]
[Site "www.playchess.de"]
[Date "2006.02.13"]
[Round "2"]
[White "sundfar"]
[Black "DTW"]
[WhiteElo "1373"]
[BlackElo "1289"]
[PlyCount "86"]
[Result "0-1"]

1.d4 {hello}  d5 {Hi.}  2.c4 dxc4 3.Nf3 Nd7 4.Bf4 
b6 5.e3 Bb7 6.Bxc4 e6 7.O-O Ngf6 8.Ne5 Bd6 9.Nc3 
O-O 10.Bb5 Bxe5 11.dxe5 Nd5 12.Nxd5 Bxd5 13.e4 a6 
14.exd5 axb5 15.dxe6 fxe6 16.Qg4 Ra4 17.Qxe6+ Kh8 
18.Bg3 Re4 19.Rad1 Nc5 20.Qf5 Qe8 21.Qg5 Ne6 
22.Qc1 h6 23.f3 Rc4 24.Qb1 Nd4 25.b3 Ne2+ 26.Kh1 
Nxg3+ 27.hxg3 Qh5+ 28.Kg1 Rc6 29.Rfe1 Re6 30.Rd7 
Rxe5 31.Rxc7 Rxe1+ 32.Qxe1 Qg6 33.Qb4 Re8 34.Qxb5 
Qb1+ 35.Kh2 Rf8 36.Qe5 Qg6 37.f4 Rf5 38.Qe1 b5 
39.Kg1 Qb6+ 40.Kf1 Qxc7 41.Qe8+ Kh7 42.Qe4 Qf7 
43.Kf2 Qg6 0-1

[Event "HCL-B3859"]
[Site "www.playchess.de"]
[Date "2006.02.13"]
[Round "8"]
[White "djpnola"]
[Black "Snillie"]
[WhiteElo "1128"]
[BlackElo "1504"]
[PlyCount "88"]
[Result "0-1"]

1.f4 {Hello}  d5 2.h3 e5 3.g3 exf4 4.Nf3 Bd6 5.e3 
fxe3 6.Qe2 Bxg3+ 7.Kd1 Qe7 8.Qxe3 Nc6 9.Bb5 Bd7 
10.Bxc6 Bxc6 11.Qd4 Qf6 12.Qxf6 Nxf6 13.Rg1 Nh5 
14.d4 O-O-O 15.Nc3 Rhe8 16.Bd2 g6 17.Ng5 f5 18.Nf7 
Rd7 19.Ng5 Bf2 20.Rf1 Bxd4 21.Re1 Rde7 22.Rxe7 
Rxe7 23.Ne2 Bf6 24.h4 h6 25.Nf3 Bb5 26.Nfd4 Bxe2+ 
27.Nxe2 g5 28.c3 f4 29.hxg5 hxg5 30.Nd4 Ng3 31.Kc2 
c5 32.Nb5 a6 33.Nd6+ Kc7 34.Nxb7 Kxb7 35.Re1 Rxe1 
36.Bxe1 Ne4 37.b4 Kc6 38.bxc5 Kxc5 39.a3 Bxc3 
40.Bxc3 Nxc3 41.Kxc3 d4+ 42.Kd3 Kd5 43.a4 g4 
44.Ke2 Ke4 0-1

[Event "HCL-C4080"]
[Site "www.playchess.de"]
[Date "2006.02.13"]
[Round "6"]
[White "happydollar"]
[Black "taffareltaskinovic"]
[WhiteElo "800"]
[BlackElo "800"]
[PlyCount "47"]
[Result "1-0"]

1.d4 {hi..good luck}  e6 2.c4 {i don't like french 
defense}  g6 3.e4 Bg7 4.Nf3 f5 5.e5 d6 6.Nc3 Nc6 
7.Bf4 Nh6 8.Be2 b6 9.h3 dxe5 10.dxe5 Nf7 11.O-O 
Ncxe5 12.Qxd8+ Nxd8 13.Bxe5 Bxe5 14.Nxe5 Bb7 
15.Rfd1 O-O 16.Rd7 Nc6 17.Nxc6 Bxc6 18.Rxc7 Be8 
19.Rd1 h5 20.Rd6 Bf7 21.Rdd7 e5 22.Nd5 Be6 
23.Rdg7+ Kh8 24.Rgh7+ {i guess that's it old 
boy...g'day and thanks}  1-0

[Event "HCL-M879"]
[Site "www.playchess.de"]
[Date "2006.02.13"]
[Round "5"]
[White "solya"]
[Black "slimsboy"]
[WhiteElo "2044"]
[BlackElo "1915"]
[PlyCount "39"]
[Result "1-0"]

1.e4 {Greetings.}  e6 2.d4 d5 3.Nd2 Nc6 4.c3 e5 
5.exd5 Qxd5 6.Ngf3 exd4 7.Bc4 Qf5 8.Nxd4 Nxd4 
9.cxd4 Be6 10.Qa4+ Bd7 11.Qb3 O-O-O 12.O-O Bd6 
13.Bxf7 Nh6 14.Bc4 Ng4 15.h3 h5 16.Bd5 c6 17.Be4 
Qf6 18.Nf3 Rde8 19.Qd3 Bf4 20.b4 1-0

[Event "HCL-M879"]
[Site "www.playchess.de"]
[Date "2006.02.13"]
[Round "3"]
[White "slimsboy"]
[Black "Catperson"]
[WhiteElo "1915"]
[BlackElo "2107"]
[PlyCount "68"]
[Result "0-1"]

1.d4 {Happy New Year! GL, I'll try d4 this 
time.....}  d5 {Greetings, O slim one! GL!}  2.c4 
{Were you a good boy last year and get lots of 
presents for Christmas?}  e6 {Yes, Santa was on 
top form this year.}  3.Nc3 c5 4.cxd5 exd5 5.Nf3 
{I think I'll stick with "regular" moves for 
awhile.}  Nc6 {Very wise.}  6.g3 {I will spring my 
theoretical novelty later, when I think of one, or 
when I'm drunk, which ever comes first.}  Nf6 
{Shouldn't have long to wait then.    ;-)}  7.Bg2 
{You wound me, deeply....;o)}  Be7 8.O-O O-O 9.Bg5 
cxd4 10.Nxd4 h6 {So far so good}  11.Be3 {Tell me 
when I blunder..or create a novelty.}  Re8 12.Rc1 
Bf8 {Neither so far..maybe you should have a drink 
or seven..}  13.Na4 {OK, if you insist...}  Ng4 
14.Nxc6 bxc6 15.Bd4 Bd7 16.Nc5 {I have a keg of 
Rogue "Dead Guy Ale" at home. It's a Bock beer. 
Beautiful beer. It's killing me......;O)}  Bf5 
{Sounds lovely. What are you waiting for?}  17.Re1 
{I'm working on it, stop rushing me.... Are you 
going to give me a hint of what my plan is?}  Qg5 
{I think it's decorous resignation about move 25.} 
 18.e4 {Great! That means I have 6 more moves! I 
better make them count.;)}  dxe4 19.Nxe4 Bxe4 
20.Rxe4 Rxe4 21.Bxe4 Rd8 22.h4 Qh5 23.Bf3 Qa5 {The 
plot thickens...}  24.Bxg4 {I wanted to play 
23.Qa4 but didn't like c5, g5 and attack on my 
King. NOW that doesn't look bad at all, since it 
would expose your King. I didn't even consider 
Qa5. Well, now my move is forced, I think.}  c5 
{Well, mine certainly is. Could you not have just 
played 23. Bxc6? That looked better for you, I 
thought.}  25.Qb3 {I TOLD you about suggesting 
good moves BEFORE I move, not after. ;o) Was 
wrapped up in in 23.....f5. I suck at this 
game.....}  cxd4 {..if it was easy we wouldn't 
bother..}  26.Rd1 d3 27.Bf3 {LOL, I almost fell 
for it! I thought you were offering a draw by 
trading pawns.}  d2 {;-)...My stepkids gave me a 
DVD by Korchnoi for Christmas. He says opposite 
bishops favour the side with the initiative. Is 
that me or you? Duhhh..}  28.a3 {Korchnoi is still 
alive? I liked his style of play. Let's see if the 
DVD helped. :o)}  Qe5 {Well, he was when he did 
the DVD, anyway. It's really good, very honest, 
and his play is inspirational. 

 This is such a classic Tarrasch position, isn't 
it? Is that QP weak or strong?}  29.Qc2 {I guess 
we will soon find out.}  a5 30.Kg2 Qd4 31.b4 axb4 
{What? is this a pawn sac?}  32.axb4 {It's getting 
rid of the pawn that could make me lose this 
game.}  Bxb4 {Ok, well, I must be better but it 
will be hard to win all right}  33.Qe4 {Let's see 
what you got, Big Boy! :o) oops, maybe I should 
wait till it's clearer..... nah.}  Qd6 {Yeah, I 
like the sac for you. I expect it's drawn now, but 
lets play a few more.}  34.Qc6 {I think if the 
queens are off the board, it's REALLY hard to win. 
I don't mind playing on at all, you have all the 
play.}  Qxc6 {(offering draw) No, reckon you're 
right, Slimmo. Draw?}  0-1

[Event "HCL-M879"]
[Site "www.playchess.de"]
[Date "2006.02.13"]
[Round "12"]
[White "spidey"]
[Black "slimsboy"]
[WhiteElo "1885"]
[BlackElo "1915"]
[PlyCount "50"]
[Result "1-0"]

1.c4 Nf6 {Good luck and Aloha!}  2.Nf3 g6 3.Nc3 
Bg7 4.e4 d6 5.d4 O-O 6.Be2 e5 7.O-O Nc6 8.d5 Ne7 
9.Ne1 Nd7 10.Nd3 f5 11.Bd2 Nf6 12.f3 f4 13.c5 g5 
14.cxd6 cxd6 15.Nf2 h5 16.h3 Rf7 17.Qc2 a6 18.a4 
Bf8 19.Rfc1 Rg7 20.Qd1 Ng6 21.a5 Nh4 22.Na4 g4 
23.hxg4 hxg4 24.fxg4 Nxg2 25.Kxg2 
Nxg4 1-0

[Event "HCL-C4132"]
[Site "www.playchess.de"]
[Date "2006.02.13"]
[Round "6"]
[White "axagom"]
[Black "simple"]
[WhiteElo "800"]
[BlackElo "765"]
[PlyCount "33"]
[Result "1-0"]

1.e4 {hi simple! have a good game}  e5 2.Nf3 d5 
3.exd5 Qxd5 4.Nc3 Qd6 5.Bc4 f6 6.O-O a6 7.d4 b5 
8.Bxg8 Rxg8 9.dxe5 Qb4 10.Qd5 Bb7 11.Qxb7 Bc5 
12.Qxa8 Ke7 13.Nd5+ Kd7 14.Nxb4 Bxb4 15.Rd1+ Ke6 
16.Qd5+ Kf5 17.e6+ 1-0

[Event "HCL-C4047"]
[Site "www.playchess.de"]
[Date "2006.02.13"]
[Round "8"]
[White "Farquhart"]
[Black "Milosforman"]
[WhiteElo "496"]
[BlackElo "861"]
[PlyCount "24"]
[Result "0-1"]

1.e4 c5 2.d3 e6 3.Nc3 d6 4.Nf3 Be7 5.h4 Bf6 6.a4 
Ne7 7.Nb5 a6 8.Nc3 Bd7 9.Ra3 O-O 10.Rb3 b6 11.Bf4 
e5 12.Be3 Bg4 0-1

[Event "HCL-B3862"]
[Site "www.playchess.de"]
[Date "2006.02.13"]
[Round "11"]
[White "ama49"]
[Black "knoppe"]
[WhiteElo "1162"]
[BlackElo "1251"]
[PlyCount "44"]
[Result "0-1"]

1.e4 {Hello again}  e5 {hi there :-)}  2.Nf3 f5 
3.Nxe5 Nc6 4.Nxc6 dxc6 5.e5 c5 6.d3 Be6 7.Nc3 Be7 
8.Bf4 Qd4 9.Qd2 O-O-O 10.g3 h6 11.O-O-O Qb4 12.b3 
c4 13.d4 cxb3 14.cxb3 Qa5 15.h3 Bb4 16.Kb2 Qa3+ 
17.Kb1 Rd5 18.Bc4 Ne7 19.Bxd5 Nxd5 20.Rdc1 Qa5 
21.Rc2 Nxc3+ 22.Kc1 Nxa2+ 0-1

[Event "HCL-E1554"]
[Site "www.playchess.de"]
[Date "2006.02.13"]
[Round "7"]
[White "chess50"]
[Black "takesa"]
[WhiteElo "2155"]
[BlackElo "1604"]
[PlyCount "69"]
[Result "1-0"]

1.e4 d5 2.exd5 Nf6 3.d4 e6 4.Bb5+ c6 5.dxc6 bxc6 
6.Be2 Be7 7.c4 O-O 8.Nc3 Bb7 9.Nf3 Nbd7 10.Bf4 Rc8 
11.Qb3 Ba8 12.O-O c5 13.d5 Nb6 14.dxe6 fxe6 15.Ng5 
Qe8 16.Rfd1 Bd8 17.Bd6 Qg6 18.f4 Re8 19.Bd3 Qh5 
20.Qc2 Bc7 21.Nb5 Bb8 22.Bxb8 Rcxb8 23.Nc7 Re7 
24.Be2 Qh4 25.Ncxe6 Be4 26.Nxe4 Rxe6 27.g3 Qh6 
28.Nxc5 Ree8 29.Bf3 g6 30.Na6 Rbc8 31.c5 Nbd7 
32.Bb7 Rcd8 33.Nc7 Ng4 34.Nxe8 Ne3 
35.Qb3+ 1-0

[Event "HCL-B3872"]
[Site "www.playchess.de"]
[Date "2006.02.13"]
[Round "17"]
[White "adelar"]
[Black "scaper"]
[WhiteElo "1342"]
[BlackElo "1476"]
[PlyCount "44"]
[Result "0-1"]

1.e4 c5 2.Nf3 e6 3.Bc4 Nf6 4.Nc3 d5 5.exd5 exd5 
6.Bb5+ Nc6 7.O-O Be7 8.d4 O-O 9.dxc5 Bxc5 10.Bg5 
h6 11.Bxf6 Qxf6 12.Nxd5 Qxb2 13.Bxc6 bxc6 14.Ne3 
Re8 15.Nc4 Qf6 16.Qd3 Bf5 17.Qb3 Rab8 18.Qa4 Rb4 
19.Qa6 Bc8 20.Qa3 Rxc4 21.Qd3 Ba6 22.Rad1 
Ra4 0-1

[Event "HCL-M859"]
[Site "www.playchess.de"]
[Date "2006.02.13"]
[Round "6"]
[White "Harijs"]
[Black "chessnuts"]
[WhiteElo "1862"]
[BlackElo "1951"]
[PlyCount "98"]
[Result "1/2-1/2"]

1.d4 {Hello from Latvia! Good luck!}  Nf6 2.c4 g6 
3.Nc3 Bg7 4.e4 d6 5.f3 O-O 6.Be3 c5 7.dxc5 dxc5 
8.Qxd8 Rxd8 9.Bxc5 Nc6 10.Nge2 Nd7 11.Be3 Nde5 
12.Ng3 Nb4 13.Rd1 Be6 14.Rxd8+ Rxd8 15.Nd5 Nc2+ 
16.Kf2 Nxe3 17.Kxe3 Nc6 18.b3 Bd4+ 19.Kd2 Bc8 
20.Be2 e6 21.Nf4 Nb4 22.a4 Nc6 23.Nd3 a5 24.Rd1 e5 
25.Nf1 Bg1 26.h3 Bc5 27.Ke1 Bd4 28.f4 exf4 29.Nxf4 
Re8 30.Nd2 Bc3 31.Nd5 Be5 32.Kf1 Kg7 33.Nf3 Bb2 
34.Bd3 Ba3 35.Kg1 Bc5+ 36.Kh2 f6 37.g4 h6 38.Kg2 
Ba7 39.Rf1 Ne5 40.Nxe5 fxe5 41.Be2 Be6 42.Nc7 Re7 
43.Nxe6+ Rxe6 44.Rd1 Bd4 45.h4 Rb6 46.Rb1 Bc5 
47.Kg3 Rf6 48.Rd1 Bf2+ 49.Kh3 Bd4 {(offering 
draw)}  1/2-1/2

[Event "HCL-B3861"]
[Site "www.playchess.de"]
[Date "2006.02.13"]
[Round "4"]
[White "evets"]
[Black "ulibear"]
[WhiteElo "1392"]
[BlackElo "1179"]
[PlyCount "78"]
[Result "0-1"]

1.d4 d5 2.Nd2 c6 3.Ngf3 g6 4.e3 Bg7 5.Bd3 Nd7 
6.O-O Ngf6 7.Re1 O-O 8.e4 dxe4 9.Nxe4 Nxe4 10.Bxe4 
Nf6 11.c3 Nxe4 12.Rxe4 Bf5 13.Re1 Re8 14.Bg5 h6 
15.Bh4 g5 16.Bg3 Bg4 17.Qd3 Bh5 18.Be5 Bxf3 
19.Qxf3 f6 20.Bg3 Qb6 21.b4 e5 22.d5 cxd5 23.Qxd5+ 
Kh8 24.Rad1 Rac8 25.Qf7 Ref8 26.Qe7 Rxc3 27.Rd7 
Rg8 28.h4 Rxg3 29.hxg5 Rxg5 30.Rxb7 Qd4 31.Rxa7 
Qg4 32.g3 h5 33.Qd7 Qxb4 34.Rd1 h4 35.a3 Qg4 
36.Qd5 hxg3 37.Qh1+ Rh5 38.Qg2 Qxd1+ 39.Qf1 
Rh1+ 0-1

[Event "HCL-E1561"]
[Site "www.playchess.de"]
[Date "2006.02.13"]
[Round "8"]
[White "scylla"]
[Black "chess50"]
[WhiteElo "1523"]
[BlackElo "2155"]
[PlyCount "46"]
[Result "0-1"]

1.e4 e5 2.Nf3 Nf6 3.Nxe5 d6 4.Nf3 Nxe4 5.d3 Nf6 
6.Nc3 Be7 7.Be2 O-O 8.O-O Nc6 9.Bg5 d5 10.d4 Bf5 
11.Ne5 Nxe5 12.dxe5 Ne4 13.Bxe7 Qxe7 14.Nxd5 Qxe5 
15.c4 Rfd8 16.Qe1 c6 17.Ne3 Nd2 18.Nxf5 Qxf5 
19.Rd1 Qc2 20.Rxd2 Rxd2 21.Bg4 Qxb2 22.Qe7 Rad8 
23.Bh5 g6 0-1

[Event "HCL-E1514"]
[Site "www.playchess.de"]
[Date "2006.02.13"]
[Round "10"]
[White "richard"]
[Black "Bill"]
[WhiteElo "1736"]
[BlackElo "1680"]
[PlyCount "79"]
[Result "1-0"]

1.e4 e5 2.Nf3 Nc6 3.Bb5 a6 4.Ba4 Nf6 5.O-O Be7 
6.Re1 d6 7.c3 Bg4 8.h3 Bxf3 9.Qxf3 b5 10.Bc2 O-O 
11.d3 Nd7 12.Be3 Bh4 13.Qg4 Kh8 14.Nd2 Rg8 15.b4 
Be7 16.Bb3 Nf6 17.Qd1 d5 18.exd5 Nxd5 19.Qf3 Nxe3 
20.Rxe3 Qd6 21.Bd5 e4 22.Qxe4 Bg5 23.Bxc6 Bxe3 
24.Bxa8 Bxd2 25.Bd5 {whoops}  Bxc3 26.Rc1 Bxb4 
27.Bxf7 Rf8 28.Rc6 Qe7 29.Bd5 Qxe4 30.dxe4 Ba5 
31.Kf1 Bb6 32.f3 Rf6 33.Be6 b4 34.Ke2 {time to 
centralize kings}  a5 35.e5 Rg6 36.g4 Rh6 37.g5 
Rh4 38.Bb3 Rxh3 39.Re6 {mate in four?}  Rh2+ 
40.Kd3 1-0

[Event "HCL-C4123"]
[Site "www.playchess.de"]
[Date "2006.02.13"]
[Round "20"]
[White "JMD"]
[Black "Skipper_Robert"]
[WhiteElo "1280"]
[BlackElo "968"]
[PlyCount "63"]
[Result "1-0"]

1.d4 {hello from Paris}  d5 {Hello from Berlin}  
2.e4 dxe4 3.f3 Nf6 4.Nc3 Be6 5.fxe4 Bd7 6.h3 e6 
7.a3 Nc6 8.Be3 Be7 9.Qf3 e5 10.d5 Na5 11.b4 Nc6 
12.dxc6 Bxc6 13.Rd1 Qc8 14.Bd3 Qe6 15.Nge2 O-O 
16.Ng3 g6 17.Bh6 Rfe8 18.O-O Bd7 19.Qe2 Qb6+ 
20.Kh2 a5 21.b5 Be6 22.Na4 Qd4 23.c4 Bxa3 24.Qc2 
Qd7 25.Be2 Qc8 26.Qc3 Bb4 27.Qxe5 Be7 28.Rxf6 b6 
29.Rxe6 f6 30.Rxf6 Bxf6 31.Qxf6 Qd7 
32.Rxd7 1-0

[Event "HCL-C4097"]
[Site "www.playchess.de"]
[Date "2006.02.13"]
[Round "2"]
[White "jackone"]
[Black "nuvola75"]
[WhiteElo "1224"]
[BlackElo "800"]
[PlyCount "122"]
[Result "0-1"]

1.c4 e6 2.Nc3 d5 3.cxd5 exd5 4.g3 Nf6 5.Bg2 Bb4 
6.Qb3 Bxc3 7.Qxc3 d4 8.Qb3 Nc6 9.e3 Qd6 10.Ne2 d3 
11.Nc3 Nb4 12.O-O c6 13.a3 Nc2 14.Ne4 Nxe4 15.Bxe4 
Nxa1 16.Qc3 Bh3 17.Re1 Nc2 18.Qxg7 Rf8 19.Rd1 h6 
20.Qc3 Rd8 21.b4 f5 22.Bf3 Bg4 23.Bxg4 fxg4 24.Bb2 
Rd7 25.Qc4 Qg6 26.Qc5 Qf5 27.Qxf5 Rxf5 28.Kg2 Rdf7 
29.Rf1 Nxe3+ 30.dxe3 d2 31.f4 gxf3+ 32.Kf2 Rd7 
33.Rd1 Ke7 34.Bc3 Rd3 35.Bxd2 Rfd5 36.Kxf3 R3xd2 
37.Rxd2 Rxd2 38.h4 Ra2 39.g4 Kf6 40.Kf4 Rxa3 
41.g5+ hxg5+ 42.hxg5+ Kg6 43.e4 Ra1 44.Ke5 a5 
45.bxa5 Rxa5+ 46.Kd6 c5 47.e5 c4 48.e6 Ra6+ 49.Kd7 
Rxe6 50.Kxe6 c3 51.Kd6 c2 52.Kc7 b5 53.Kc6 c1Q+ 
54.Kxb5 Kxg5 55.Kb4 Kf5 56.Kb5 Ke5 57.Kb6 Kd6 
58.Ka5 Kc5 59.Ka6 Qb2 60.Ka7 Kc6 61.Ka8 
Qb7+ 0-1

[Event "HCL-C3880"]
[Site "www.playchess.de"]
[Date "2006.02.13"]
[Round "15"]
[White "daveboy6968"]
[Black "Meerdap"]
[WhiteElo "1011"]
[BlackElo "1132"]
[PlyCount "95"]
[Result "1-0"]

1.d4 {good luck :-)}  e6 {u2}  2.e4 Nf6 3.e5 Nd5 
4.Nf3 h6 5.c4 Nb4 6.Be2 c6 7.a3 N4a6 8.b3 Be7 
9.O-O g5 10.g4 f5 11.gxf5 exf5 12.Nfd2 g4 13.f3 
gxf3 14.Nxf3 b6 15.Nc3 Bg5 16.b4 Rg8 17.Kf2 Bh4+ 
18.Nxh4 Qxh4+ 19.Ke3 Rf8 20.Bh5+ Kd8 21.Rf2 f4+ 
22.Kd3 Qxf2 23.Ne2 c5 24.bxc5 bxc5 25.d5 f3 26.Be3 
Qxh2 27.Bg4 fxe2 28.Bxe2 Qxe5 29.Bxh6 Qd4+ 30.Kc2 
d6 31.Bg5+ Kc7 32.Qxd4 cxd4 33.Bh6 Rf2 34.Kd2 Bg4 
35.Re1 Bxe2 36.Rxe2 Rxe2+ 37.Kxe2 Nd7 38.Kd3 Rh8 
39.Bc1 Rh4 40.Bd2 Ne5+ 41.Kc2 Nxc4 42.Kb3 Nxd2+ 
43.Kc2 Nf3 44.Kd3 Nc5+ 45.Kc4 d3+ 46.Kc3 d2 47.Kc2 
Rh1 48.Kc3 1-0

[Event "HCL-C3995"]
[Site "www.playchess.de"]
[Date "2006.02.13"]
[Round "7"]
[White "klm"]
[Black "Idris"]
[WhiteElo "1028"]
[BlackElo "895"]
[PlyCount "81"]
[Result "1-0"]

1.e4 {Hello!}  e5 {Hello!}  2.Nf3 d6 3.d4 Nf6 
4.dxe5 dxe5 5.Nc3 Nc6 6.Bb5 Bd7 7.Bg5 Be7 8.O-O 
Ng4 9.Bxe7 Nxe7 10.Bxd7+ Qxd7 11.Nd5 Nxd5 12.Qxd5 
Qxd5 13.exd5 O-O 14.Rae1 f6 15.Re4 h5 16.h3 Nh6 
17.c4 c5 18.Rd1 g5 19.g4 h4 20.Re3 f5 21.Rxe5 f4 
22.Rxg5+ Kh7 23.Re1 a6 24.Rh5 Rf6 25.Re7+ Kg8 
26.Rxb7 Re8 27.Rxh4 Nf7 28.g5 Rf5 29.Rh5 a5 30.Ra7 
Re2 31.Rxa5 Nd6 32.Nh4 Rfe5 33.Ng6 R2e1+ 34.Kg2 
Kg7 35.Nxe5 Rxe5 36.Rxc5 Kg6 37.Rh6+ Kxg5 38.Rxd6 
Kh4 39.Rf6 Rg5+ 40.Kf3 Kxh3 41.Rh6+ 1-0

[Event "HCL-A2594"]
[Site "www.playchess.de"]
[Date "2006.02.13"]
[Round "7"]
[White "pop3dan"]
[Black "Maillard"]
[WhiteElo "1659"]
[BlackElo "1534"]
[PlyCount "27"]
[Result "1-0"]

1.e4 e5 {Bonne partie!}  2.Nf3 Nc6 3.Bb5 a6 4.Ba4 
b5 5.Bb3 h6 6.O-O Bc5 7.Nxe5 Nxe5 8.d4 Bxd4 9.Qxd4 
Qe7 10.f4 Ng6 11.Be3 f6 12.Bxg8 Rxg8 13.Qd5 c6 
{merci pour la partie!}  14.Qxg8+ {merci} 
 1-0

[Event "HCL-B3872"]
[Site "www.playchess.de"]
[Date "2006.02.13"]
[Round "20"]
[White "scaper"]
[Black "German04"]
[WhiteElo "1476"]
[BlackElo "1151"]
[PlyCount "45"]
[Result "1-0"]

1.d4 {hallo!}  d5 {Hallo!!!}  2.e4 e6 3.e5 Nc6 
4.Nf3 Bb4+ 5.c3 Be7 6.Bb5 Bd7 7.Bd3 f6 8.O-O f5 
9.Ne1 Bg5 10.Qh5+ g6 11.Qxg5 Qxg5 12.Bxg5 Nge7 
13.Nc2 O-O-O 14.Bf6 Rhg8 15.b4 Rde8 16.a4 Kb8 
17.a5 a6 18.b5 axb5 19.Nd2 Nd8 20.a6 b6 21.a7+ Ka8 
22.Nb4 Nb7 23.Na6 1-0

[Event "HCL-A2475"]
[Site "www.playchess.de"]
[Date "2006.02.14"]
[Round "7"]
[White "hreed"]
[Black "kali"]
[WhiteElo "1452"]
[BlackElo "1458"]
[PlyCount "66"]
[Result "0-1"]

1.e4 {greetings from Boston, good chess!}  c5 
2.Nf3 d6 3.Bb5+ Bd7 4.Bxd7+ Nxd7 5.c4 Ngf6 6.Nc3 
a6 7.O-O e6 8.d4 b6 9.e5 dxe5 10.dxe5 Ng4 11.Bg5 
Be7 12.Bxe7 Qxe7 13.Re1 Rd8 14.Qe2 O-O 15.h3 Nh6 
16.Rad1 Nf5 17.Ne4 h6 18.Nd6 Nxd6 19.exd6 Qf6 
20.Ne5 Nxe5 21.Qxe5 Qxe5 22.Rxe5 Rd7 23.Re3 Rfd8 
24.Red3 Kf8 25.h4 f6 26.f4 Kf7 27.Kf2 e5 28.f5 g6 
29.g4 gxf5 30.gxf5 Rg8 31.Kf3 h5 32.Rh1 Rg4 33.b3 
Rf4+ 0-1

[Event "HCL-A2519"]
[Site "www.playchess.de"]
[Date "2006.02.14"]
[Round "21"]
[White "talewisx"]
[Black "schachsky"]
[WhiteElo "1254"]
[BlackElo "1141"]
[PlyCount "114"]
[Result "0-1"]

1.c4 c5 {Have a nice game!}  2.Nf3 Nc6 3.Nc3 e6 
4.d4 d6 5.dxc5 dxc5 6.Qxd8+ Nxd8 7.g3 Nc6 8.Bg2 
Bd7 9.O-O Nf6 10.Bg5 Be7 11.Bxf6 Bxf6 12.e4 Bxc3 
13.bxc3 e5 14.Rfd1 Be6 {a merry Christmas to you 
and your family!}  15.Bf1 O-O 16.Ng5 Rfe8 17.Nxe6 
Rxe6 18.Rd5 b6 19.Rad1 f6 20.Bh3 Re7 21.Bd7 Na5 
{Best wishes for 2006!}  22.Bb5 Nxc4 23.Bxc4 Kf8 
24.Bb5 a6 25.R5d8+ Rxd8 26.Rxd8+ Kf7 27.Bxa6 Ra7 
28.Bc4+ Ke7 29.Rb8 Ra4 30.Bd5 Ra3 31.Rxb6 Rxc3 
32.a4 Ra3 33.Bc6 c4 34.Rb2 c3 35.Rc2 Kd6 36.Bb5 h6 
37.Be2 Rxa4 38.Rxc3 Rxe4 39.Bh5 Re1+ 40.Kg2 f5 
41.Rc8 g5 42.Rf8 Ke6 43.Bg6 f4 44.gxf4 gxf4 45.h4 
Ke7 46.Rf5 Re2 47.Kf1 Re4 48.Rh5 Ra4 49.Rxh6 e4 
50.f3 Ra1+ 51.Kg2 e3 52.Bd3 Ra2+ 53.Kh3 e2 54.Bxe2 
Rxe2 55.Kg4 Kf7 56.h5 Kg7 57.Kg5 
Rg2+ 0-1

[Event "ACL-A656"]
[Site "www.playchess.de"]
[Date "2006.02.14"]
[Round "7"]
[White "BDG_Girl"]
[Black "PrinceKheldar"]
[WhiteElo "1794"]
[BlackElo "1868"]
[PlyCount "23"]
[Result "1-0"]

1.d4 {We meet again! Happy New Year!}  Nf6 {Happy 
new year.}  2.Nc3 d5 3.e4 Nxe4 4.Nxe4 dxe4 5.Bc4 
Nc6 6.c3 e5 7.d5 Ne7 8.f3 Ng6 9.Qe2 exf3 10.Nxf3 
Bc5 11.Be3 Bxe3 12.Qxe3 1-0

[Event "HCL-B3645"]
[Site "www.playchess.de"]
[Date "2006.02.14"]
[Round "4"]
[White "filcexez"]
[Black "arsenic"]
[WhiteElo "1170"]
[BlackElo "1078"]
[PlyCount "108"]
[Result "0-1"]

1.e4 e6 2.Nf3 d5 3.exd5 exd5 4.Bb5+ c6 5.Be2 Nf6 
6.O-O Be7 7.b3 O-O 8.Bb2 Bg4 9.Ne5 Bxe2 10.Qxe2 
Re8 11.Nf3 Ba3 12.Bxf6 Qxf6 13.Qd3 Bb2 14.Nc3 Bxa1 
15.Rxa1 Na6 16.a3 Nc5 17.Qd4 Qxd4 18.Nxd4 Re7 
19.Kf1 Rae8 20.Nf5 R7e5 21.g4 g6 22.Nd6 R5e6 
23.Nxe8 Rxe8 24.Ne2 Ne4 25.d3 Nd2+ 26.Ke1 Nf3+ 
27.Kd1 Nxh2 28.Nc3 Nxg4 29.Kd2 Nxf2 30.Rf1 Ng4 
31.Na4 h5 32.Nc5 b6 33.Na4 Ne3 34.Nb2 Nxf1+ {?}  
35.Kc3 h4 36.b4 h3 37.Nd1 h2 38.Nf2 Ng3 39.Ng4 h1Q 
40.Nf6+ Kf8 41.Nxe8 Kxe8 42.a4 Qa1+ 43.Kd2 Qxa4 
44.c3 g5 45.d4 g4 46.Ke3 Ne4 47.Kd3 g3 48.c4 g2 
49.cxd5 g1Q 50.Kxe4 cxd5+ 51.Kxd5 Qxb4 52.Kc6 
Qgxd4 53.Kb7 Qd7+ 54.Ka6 Qa5+ 0-1

[Event "HCL-C4116"]
[Site "www.playchess.de"]
[Date "2006.02.14"]
[Round "9"]
[White "Mercator"]
[Black "surak"]
[WhiteElo "1008"]
[BlackElo "1118"]
[PlyCount "31"]
[Result "1-0"]

1.d4 e6 2.c4 b6 3.Nf3 Bb7 4.e3 c5 5.Nc3 cxd4 
6.exd4 Nf6 7.Bg5 Be7 8.Bd3 O-O 9.Qc2 h6 10.h4 Bxf3 
11.gxf3 Nc6 12.Be3 Bb4 13.Qd2 d5 14.Bxh6 gxh6 
15.Qxh6 e5 16.Rg1+ 1-0

[Event "HCL-A2586"]
[Site "www.playchess.de"]
[Date "2006.02.14"]
[Round "18"]
[White "hal1958"]
[Black "Crusaders"]
[WhiteElo "1394"]
[BlackElo "1781"]
[PlyCount "88"]
[Result "0-1"]

1.b4 {have a nice game}  d5 {Hello and a very nice 
game Dirk}  2.Bb2 e6 3.e3 Nf6 4.a3 Bd6 5.Nf3 O-O 
6.c4 dxc4 7.Bxc4 Nbd7 8.O-O Nb6 9.Be2 Bd7 10.d3 
Nbd5 11.Nbd2 c5 12.bxc5 Bxc5 13.Nc4 Qe7 14.Nfe5 
Bb5 15.e4 Nf4 16.Bf3 Rfd8 17.Be2 Nxe4 18.g3 Nxe2+ 
19.Qxe2 Nd6 20.Nxd6 Rxd6 21.Rac1 Bd4 22.Bxd4 Rxd4 
23.Rcb1 a6 24.Rb3 Rad8 25.Rfb1 Qc5 26.a4 Rxa4 
27.Qe3 Qxe3 28.fxe3 f6 29.Nf3 Rxd3 30.Rxd3 Bxd3 
31.Rb3 Be4 32.Nd4 Ra1+ 33.Kf2 e5 34.Ne6 Bd5 35.Rb6 
Bxe6 36.Rxe6 b5 37.Rb6 Kf7 38.Kf3 Ra4 39.h4 h5 
40.Ke2 Kg6 41.Kd3 Kf5 42.e4+ Kg4 43.Rb7 g5 44.Rg7 
Ra3+ 0-1

[Event "HCL-C4035"]
[Site "www.playchess.de"]
[Date "2006.02.14"]
[Round "6"]
[White "aussie"]
[Black "EdDaChed"]
[WhiteElo "1080"]
[BlackElo "1079"]
[PlyCount "76"]
[Result "1-0"]

1.e4 d5 2.exd5 Qxd5 3.Nc3 Qd7 4.Bc4 e5 5.Nf3 Nc6 
6.Bb5 Bc5 7.Bxc6 Qxc6 8.Qe2 f6 9.O-O Bf5 10.d4 Bb6 
11.dxe5 O-O-O 12.Be3 Bg4 13.Bxb6 Qxb6 14.exf6 Nxf6 
15.Qb5 Qxb5 16.Nxb5 Kb8 17.Ne5 Rd5 18.Nxg4 Nxg4 
19.f3 Nxh2 {(offering draw) pretty even game up 
till this point, just thought I'd make the offer}  
20.Kxh2 Rxb5 21.b3 {sorry for the long delay, 
computer crashed.}  g5 {i had the same problem}  
22.a4 Rd5 23.Rad1 c6 24.Rd3 a6 25.Re1 h5 26.Rxd5 
cxd5 27.Re5 g4 28.f4 d4 29.Rd5 h4 30.Rxd4 Re8 
31.Rd2 Re3 32.Rd8+ Ka7 33.Rd3 Re2 34.f5 h3 35.Rg3 
Re4 36.f6 Rf4 37.f7 Rxf7 38.Rxg4 
Rf3 1-0